US presidents Quiz - Statistics

General Stats
  • This quiz has been taken 218 times
  • The average score is 15 of 17
Answer Stats
Hint Answer % Correct
Who did John Booth Shoot in a play? Abraham Lincoln
96%
Who was the President before Trump? Barack Obama
95%
Who is the current President? Donald Trump
95%
Which President went over 2 terms? Franklin D. Roosevelt
94%
Which President was previously an actor? Ronald Reagan
94%
Who Wrote the Declaration Of Independence? Thomas Jefferson
94%
Which President did have not the White House? George Washington
91%
Who dropped the bomb on Japan? Harry S. Truman
91%
Who Resigned from office? Richard Nixon
91%
Who was the President during WW1? Woodrow Wilson
90%
Who was the most Overweight President? William Howard Taft
88%
Who Refused to have Slaves? John Adams
85%
Who was the shortest President? James Madison
83%
Who was the 7th President? Andrew Jackson
81%
Who got elected in 1923? Calvin Coolidge
80%
Who was the 31st President? Herbert Hoover
76%
Which President was first born in the US? Martin Van Buren
74%
No matching quizzes found
Score Distribution
Percent of People with Each Score
Percentile by Number Answered
Your Score History
You have not taken this quiz